Biblioteca y Centro de Documentación

El servicio militar (Registro nro. 2684)

Detalles MARC
000 -CABECERA
Longitud fija campo de control 01394nam a2200397 c 4500
001 - NÚMERO DE CONTROL
Número de control 2684
003 - IDENTIFICADOR DE NÚMERO DE CONTROL
Identificador del número de control ES-MaCES
005 - FECHA Y HORA DE LA ÚLTIMA TRANSACCIÓN
Fecha y hora de la última transacción 20151203133256.0
008 - CAMPO FIJO DE DESCRIPCIÓN FIJA--INFORMACIÓN GENERAL
Códigos de información de longitud fija   950324s1994 sp ||| | spa d
017 ## - NÚMERO DE REGISTRO DE DERECHOS DE AUTOR Y DEPÓSITO LEGAL
Número de copyright o de depósito legal M-18220-1994
Agencia que asigna el número DL
020 ## - ISBN (INTERNATIONAL STANDARD BOOK NUMBER)
Número Internacional Normalizado para Libros (ISBN) 848155023X
035 ## - NÚMERO DE CONTROL DEL SISTEMA
Número de control del sistema CES19980027043m
040 ## - FUENTE DE CATALOGACIÓN
Centro catalogador de origen ES-MaCES
Lengua de catalogación spa
Centro transcriptor ES-MaCES
111 2# - ENCABEZAMIENTO PRINCIPAL--NOMBRE DE REUNIÓN
Nombre de congreso o jurisdicción como elemento de entrada Cursos Superiores de Verano en Galicia
Fecha del congreso 1993
Sede del congreso Pontevedra
9 (RLIN) 88
245 13 - MENCIÓN DE TÍTULO
Título El servicio militar
Resto del título aspectos jurídicos y socio-económicos
Mención de responsabilidad, etc. Universidad Internacional del Atlántico, [organiz.]; Francisco Fernández Segado, ed.
260 ## - PUBLICACIÓN, DISTRIBUCIÓN, ETC (PIE DE IMPRENTA)
Lugar de publicación, distribución, etc. [Santiago de Compostela]
Nombre del editor, distribuidor, etc. Fundación Alfredo Brañas; Madrid: Ed. Dykinson
Fecha de publicación, distribución, etc. 1994
300 ## - DESCRIPCIÓN FÍSICA
Extensión 311 p.
Dimensiones 24 cm
490 1# - MENCIÓN DE SERIE
Mención de serie Defensa
Designación de volumen o secuencia 2
541 ## - NOTA DE LA FUENTE INMEDIANTE DE ADQUISICIÓN
Forma de adquisición Compra
650 #4 - ASIENTO SECUNDARIO DE MATERIA--TÉRMINO DE MATERIA
Término de materia o nombre geográfico como elemento inicial servicio militar
9 (RLIN) 29052
650 #4 - ASIENTO SECUNDARIO DE MATERIA--TÉRMINO DE MATERIA
Término de materia o nombre geográfico como elemento inicial fuerzas armadas
9 (RLIN) 26689
650 #4 - ASIENTO SECUNDARIO DE MATERIA--TÉRMINO DE MATERIA
Término de materia o nombre geográfico como elemento inicial política de defensa
9 (RLIN) 26692
650 #4 - ASIENTO SECUNDARIO DE MATERIA--TÉRMINO DE MATERIA
Término de materia o nombre geográfico como elemento inicial derecho penal
9 (RLIN) 27159
650 #4 - ASIENTO SECUNDARIO DE MATERIA--TÉRMINO DE MATERIA
Término de materia o nombre geográfico como elemento inicial defensa
9 (RLIN) 26777
650 #4 - ASIENTO SECUNDARIO DE MATERIA--TÉRMINO DE MATERIA
Término de materia o nombre geográfico como elemento inicial opinión pública
9 (RLIN) 27247
650 #4 - ASIENTO SECUNDARIO DE MATERIA--TÉRMINO DE MATERIA
Término de materia o nombre geográfico como elemento inicial España
9 (RLIN) 26964
650 #4 - ASIENTO SECUNDARIO DE MATERIA--TÉRMINO DE MATERIA
Término de materia o nombre geográfico como elemento inicial cuadros estadísticos
9 (RLIN) 28890
653 10 - TÉRMINO DE INDEXACIÓN--NO CONTROLADO
Término no controlado Asuntos Sociales
700 1# - ENCABEZAMIENTO SECUNDARIO--NOMBRE PERSONAL
Nombre de persona Fernández Segado, Francisco
Término indicativo de función ed. lit.
9 (RLIN) 11990
710 2# - ENCABEZAMIENTO SECUNDARIO--NOMBRE CORPORATIVO
Nombre de entidad o nombre de jurisdicción como elemento inicial Universidad Internacional del Atlántico
Término indicativo de función col.
9 (RLIN) 5364
710 2# - ENCABEZAMIENTO SECUNDARIO--NOMBRE CORPORATIVO
Nombre de entidad o nombre de jurisdicción como elemento inicial Fundación Alfredo Brañas
Término indicativo de función ed.
9 (RLIN) 3747
830 #0 - ENCABEZAMIENTO SECUNDARIO DE COLECCIÓN--TÍTULO UNIFORME
Título uniforme Defensa
Designación de volumen o secuencia 2
9 (RLIN) 32506
902 ## - CES. TIPO DE DOCUMENTO
Tipodoc (006$c Sirtex) LIB Libro
942 ## - ELEMENTOS KOHA
Fuente de clasificaión o esquema Clasificación propia del CES
Koha [por defecto] tipo de item Monografías
Parte de clasificación 3.3.
Existencias
Número de registro Signatura completa Tipo de item de Koha
007751 DPT-2250 Monografías
© CES, Consejo Económico y Social de España 2021